Xuân Diệu - tác phẩm văn chương và lao động nghệ thuật
v.v...
Đã lưu trong:
| Tác giả chính: | |
|---|---|
| Định dạng: | Sách |
| Năm xuất bản: |
H.
Giáo dục
1999
|
| Chủ đề: | |
| Tags: |
Thêm thẻ
Không có thẻ, Hãy là người đầu tiên gắn thẻ bản ghi này!
|
| LEADER | 00690nam a2200193 4500 | ||
|---|---|---|---|
| 082 | |a 895.9221009 |b X502D | ||
| 100 | |a Xuân Diệu | ||
| 245 | |a Xuân Diệu - tác phẩm văn chương và lao động nghệ thuật |c Lưu Khánh Thơ giới thiệu và tuyển chọn | ||
| 260 | |a H. |b Giáo dục |c 1999 | ||
| 300 | |a 619 tr. |c 21 cm | ||
| 520 | |a v.v... | ||
| 653 | |a Văn học hiện đại | ||
| 653 | |a Thế kỷ 20 | ||
| 653 | |a Việt Nam | ||
| 653 | |a Thơ | ||
| 653 | |a Phê bình văn học | ||
| 942 | |2 ddc |c SH | ||
| 999 | |c 2720 |d 2720 | ||
| 952 | |0 0 |1 0 |2 ddc |4 0 |6 895_922100900000000_X502D |7 0 |8 800 |9 33044 |a qbu |b qbu |c D5 |d 2014-12-15 |g 38500 |o 895.9221009 X502D |p 3540.c1 |r 0000-00-00 |w 2014-12-15 |y SH | ||